Front-End Reactive Architectures Explore the Future of the Front-End using Reactive JavaScript Frameworks and Libraries /

Learn how to use reactive architectures on the front end. There are many technologies using a reactive approach on the back end, but this book teaches you how the reactive manifesto can be used to benefit your front-end programming as well. You will discover what reactive programming is, what the cu...

Πλήρης περιγραφή

Λεπτομέρειες βιβλιογραφικής εγγραφής
Κύριος συγγραφέας: Mezzalira, Luca (Συγγραφέας, http://id.loc.gov/vocabulary/relators/aut)
Συγγραφή απο Οργανισμό/Αρχή: SpringerLink (Online service)
Μορφή: Ηλεκτρονική πηγή Ηλ. βιβλίο
Γλώσσα:English
Έκδοση: Berkeley, CA : Apress : Imprint: Apress, 2018.
Έκδοση:1st ed. 2018.
Θέματα:
Διαθέσιμο Online:Full Text via HEAL-Link
LEADER 02559nam a2200433 4500
001 978-1-4842-3180-7
003 DE-He213
005 20191215051012.0
007 cr nn 008mamaa
008 180104s2018 xxu| s |||| 0|eng d
020 |a 9781484231807  |9 978-1-4842-3180-7 
024 7 |a 10.1007/978-1-4842-3180-7  |2 doi 
040 |d GrThAP 
050 4 |a QA76.6-76.66 
072 7 |a UMW  |2 bicssc 
072 7 |a COM060160  |2 bisacsh 
072 7 |a UMW  |2 thema 
082 0 4 |a 006.76  |2 23 
100 1 |a Mezzalira, Luca.  |e author.  |4 aut  |4 http://id.loc.gov/vocabulary/relators/aut 
245 1 0 |a Front-End Reactive Architectures  |h [electronic resource] :  |b Explore the Future of the Front-End using Reactive JavaScript Frameworks and Libraries /  |c by Luca Mezzalira. 
250 |a 1st ed. 2018. 
264 1 |a Berkeley, CA :  |b Apress :  |b Imprint: Apress,  |c 2018. 
300 |a XIII, 188 p. 37 illus., 21 illus. in color.  |b online resource. 
336 |a text  |b txt  |2 rdacontent 
337 |a computer  |b c  |2 rdamedia 
338 |a online resource  |b cr  |2 rdacarrier 
347 |a text file  |b PDF  |2 rda 
505 0 |a 1. What is Reactive Programming? -- 2. Architectures Comparison -- 3. Reactive Programming -- 4. Cycle.js and MVI -- 5. MobX: Simple State Management -- 6. SAM: A Functional Reactive Pattern -- 7. A Reactive Future. 
520 |a Learn how to use reactive architectures on the front end. There are many technologies using a reactive approach on the back end, but this book teaches you how the reactive manifesto can be used to benefit your front-end programming as well. You will discover what reactive programming is, what the current front-end ecosystem looks like, and how to use a range of frameworks and libraries. You will also apply specific reactive architectures in your own projects. Each concept is taught with a mix of technical explanations and real-world code implementations. The future of front-end programming and architecture is reactive - don't get left behind: Add Front-End Reactive Architectures to your library today. 
650 0 |a Computer programming. 
650 1 4 |a Web Development.  |0 http://scigraph.springernature.com/things/product-market-codes/I29050 
710 2 |a SpringerLink (Online service) 
773 0 |t Springer eBooks 
776 0 8 |i Printed edition:  |z 9781484231791 
776 0 8 |i Printed edition:  |z 9781484231814 
776 0 8 |i Printed edition:  |z 9781484247204 
856 4 0 |u https://doi.org/10.1007/978-1-4842-3180-7  |z Full Text via HEAL-Link 
912 |a ZDB-2-CWD 
950 |a Professional and Applied Computing (Springer-12059)